Normal view
MARC view
Entry Personal Name
001 - CONTROL NUMBER
- control field: 39377
003 - CONTROL NUMBER IDENTIFIER
- control field: ARRUPE
005 - DATE AND TIME OF LATEST TRANSACTION
- control field: 20180219142441.0
008 - FIXED-LENGTH DATA ELEMENTS
- fixed length control field: 180219|| aca||aabn | a|a d
040 ## - CATALOGING SOURCE
- Original cataloging agency: ARRUPE
- Transcribing agency: ARRUPE
100 ## - HEADING--PERSONAL NAME
- Personal name: Shillington, Kevin
670 ## - SOURCE DATA FOUND
- Source citation: Work cat.: (ARRUPE)12754: Shillington, Kevin, A history of Southern Africa, 1987